000
00355nam a2200157Ia 4500
999
_c
2140
_d
2140
003
OSt
005
20191005143817.0
008
190802s9999 xx 000 0 und d
020
_a
978-0133872279
040
_c
maju
100
_a
Michael Parkin
245
0
_a
Economics
260
_a
New Delhi
_b
McGraw Hill
_c
2016
300
_a
784:p
942
_c
BK
_2
ddc